Prevenció de riscos laborals : l'amiant : tu sempre hi guanyes l'amiant :
Publicado:
Barcelona :
Diputació de Barcelona. Àrea d'Hisenda, Recursos Interns i Noves Tecnologies. Direcció dels Serveis de Recursos Humans ,
2014
Descripción Física:
1 tríptic : il. ; 21 cm
MARC
| LEADER | 00000nam a2200000Ia 4500 | ||
|---|---|---|---|
| 001 | 24118 | ||
| 008 | 160829s2014 xx 000 0 cat d | ||
| 080 | |a FU-64-62 | ||
| 245 | |a Prevenció de riscos laborals : |b l'amiant : |b tu sempre hi guanyes | ||
| 260 | |a Barcelona : |b Diputació de Barcelona. Àrea d'Hisenda, Recursos Interns i Noves Tecnologies. Direcció dels Serveis de Recursos Humans, |c 2014 | ||
| 300 | |a 1 tríptic : |b il. ; |c 21 cm | ||
| 650 | |a Amiant |x Barcelona (província) |x Manuals, guies, etc |9 50293 | ||
| 710 | 1 | |a Barcelona (Catalunya : Província). |b Direcció dels Serveis de Recursos Humans |9 52859 | |
| 901 | |a Arxiu | ||
| 942 | |n 1 | ||
| 952 | |0 0 |1 0 |4 0 |6 FU6462 |7 1 |9 55938 |a Arxiu |b Arxiu |d 2016-12-01 |l 0 |o FU-64-62 |p 24118 |r 2016-12-01 00:00:00 |w 2016-12-01 |y ARXIU | ||
| 999 | |c 59811 |d 59811 | ||